L’année 2011 - Statistiques

Statistiques générales
  • Ce quiz a été pris 47 fois
  • Le résultat moyen est 12 sur 28
Statistiques - réponses
Hint Réponse % Correct
Qui joue le rôle de Driss dans le film “Intouchables” qui a cumulé 19 millions d’entrées ? Omar Sy
88%
Qui remporte le Roland-Garros masculin cette année ? Rafael Nadal
88%
Quel prince s’est marié cette année avec Catherine Middleton ? William
86%
Comment s’appelle la centrale nucléaire du Japon qui a eu des rejets radioactifs lors de ce séisme et de ce tsunami ? Fukushima
81%
De quel magnitude était le séisme de 2011 au Japon qui a causé un tsunami ? 9
74%
Comment s’appelle le créateur de l’iPhone mort cette année ? Steve Jobs
74%
Selon l’ONU, le 31 octobre 2011 nous sommes passés à combien d’habitants sur la Terre ? 7 milliards
70%
Quelle chanteuse connue pour ses tubes comme “Back to Black” ou “Rehab” est morte cette année ? Amy Winehouse
67%
Quel département d’outre-mer français devient aussi le 101 département français cette année ? Mayotte
63%
Dans quel pays a été tué le terroriste Oussama ben Laden par les forces américaines ? Pakistan
58%
Dans quelle ville habitait Xavier Dupont de Ligonnès avec sa famille ? Nantes
56%
Quel pape a été béatifié le 1er mai 2011 ? Jean-Paul II
53%
Comment s’appelle le président de la Corée du Nord mort cette année ? Son fils a prit sa succession. Kim Jong-il
53%
Quel homme politique français a été arrêté le 14 mai 2011 débutant une affaire d’ampleur internationale ? Dominique Strauss-Kahn
51%
Dans quelle ville du Maroc a eu lieu l’attentat au café Argana le 28 avril 2011 ? Marrakech
51%
Quel est le dernier pays au monde à avoir été créé cette année avec son indépendance le 9 juillet 2011 ? Soudan du Sud
49%
Comment s’appelle le président tunisien qui est contraint de partir suite à la révolution tunisienne de 2010-11 ? Zine el-Abidine Ben Ali
33%
Depuis quelle année, Hosni Moubarak était le président d’Égypte jusqu’à sa démission en 2011 suite à la révolution égyptienne ? 1981
30%
Quel pays remporte la coupe du monde féminine de 2011 ? Japon
26%
Dans quel pays a eu lieu un attentat dans l’aéroport Domodedovo le 24 janvier 2011 ? Russie
23%
Comment s’appelle la nouvelle présidente du Brésil ? Dilma Rousseff
19%
Lors du vote du FN pour trouver le successeur de Jean-Marie Le Pen, qui était l’autre candidat face à Marine Le Pen ? Bruno Gollnisch
7%
Quel homme politique et poète français a eu une plaque au Panthéon en son honneur dévoilée par Sarkozy ? Aimé Césaire
5%
Avec qui le prince Albert II de Monaco s’est marié cette année ? Charlene Wittstock
5%
Comment s’appelle l’île en Norvège où un attentat a eu lieu tuant 69 personnes ainsi qu’à Oslo tuant 8 personnes ? Île d’Utoya
5%
Qui a lancé le premier quotidien exclusivement destiné au support numérique intitulé "The Daily" le 2 février 2011 ? Rupert Murdoch
2%
Charles Pasqua a été relaxé lors d’un procès qui l’accusait d’avoir vendu des armes à un pays, mais quel pays ? Angola
0%
Quelle sonde est arrivé le 18 mars 2011 en orbite autour de Mercure ? MESSENGER
0%
Aucun quiz correspondant
Distribution des résultats
% des personnes avec chaque résultat
Percentile par nombre de réponses
Votre historique - résultats
Vous n’avez pas pris ce quiz